Modern database management (Record no. 61866)
[ view plain ]
| 000 -LEADER | |
|---|---|
| fixed length control field | 00731nam a22002177a 4500 |
| 003 - CONTROL NUMBER IDENTIFIER | |
| control field | NUST-PNEC |
| 005 - DATE AND TIME OF LATEST TRANSACTION | |
| control field | 20170116180733.0 |
| 008 - FIXED-LENGTH DATA ELEMENTS--GENERAL INFORMATION | |
| fixed length control field | 140712b xxu||||| |||| 00| 0 eng d |
| 020 ## - INTERNATIONAL STANDARD BOOK NUMBER | |
| International Standard Book Number | 9788131726266 |
| 040 ## - CATALOGING SOURCE | |
| Transcribing agency | PNEC |
| 082 ## - DEWEY DECIMAL CLASSIFICATION NUMBER | |
| Classification number | 005.74 HOF |
| 100 ## - MAIN ENTRY--PERSONAL NAME | |
| 9 (RLIN) | 69 |
| Personal name | Hoffer, Jeffrey A. |
| 245 ## - TITLE STATEMENT | |
| Title | Modern database management |
| Statement of responsibility, etc. | Jeffrey A. Hoffer |
| 250 ## - EDITION STATEMENT | |
| Edition statement | 9th ed. |
| 260 ## - PUBLICATION, DISTRIBUTION, ETC. | |
| Place of publication, distribution, etc. | New Delhi |
| Name of publisher, distributor, etc. | Doorling Kindersley (India)Pvt.Ltd |
| Date of publication, distribution, etc. | c.2010 |
| 300 ## - PHYSICAL DESCRIPTION | |
| Extent | xxvi, 671p. : |
| Other physical details | ill. : |
| Dimensions | 28 cm. |
| 500 ## - GENERAL NOTE | |
| General note | Includes Index |
| 650 ## - SUBJECT ADDED ENTRY--TOPICAL TERM | |
| General subdivision | Computer, MIS |
| 856 ## - ELECTRONIC LOCATION AND ACCESS | |
| Uniform Resource Identifier | <a href="http://www.amazon.com/Database-Management-Systems-Prescott-Jeffrey/dp/B006VB1YCU/ref=sr_1_2?s=books&ie=UTF8&qid=1416462068&sr=1-2&keywords=9788131726266">http://www.amazon.com/Database-Management-Systems-Prescott-Jeffrey/dp/B006VB1YCU/ref=sr_1_2?s=books&ie=UTF8&qid=1416462068&sr=1-2&keywords=9788131726266</a> |
| 942 ## - ADDED ENTRY ELEMENTS (KOHA) | |
| Source of classification or shelving scheme | |
| Koha item type | Book |
| Withdrawn status | Lost status | Source of classification or shelving scheme | Damaged status | Not for loan | Permanent Location | Current Location | Shelving location | Date acquired | Source of acquisition | Cost, normal purchase price | Total Checkouts | Full call number | Barcode | Date last seen | Cost, replacement price | Price effective from | Koha item type | Date last checked out |
|---|---|---|---|---|---|---|---|---|---|---|---|---|---|---|---|---|---|---|
| Pakistan Navy Engineering College (PNEC) | Pakistan Navy Engineering College (PNEC) | 02/15/2011 | NUST Recurring A/c | 1002.58 | 005.74 HOF | PNECLIB-030276 | 11/20/2014 | 1002.58 | 02/15/2011 | Book | ||||||||
| Pakistan Navy Engineering College (PNEC) | Pakistan Navy Engineering College (PNEC) | 02/15/2011 | NUST Recurring A/c | 1002.58 | 1 | 005.74 HOF | PNECLIB-030275 | 11/09/2016 | 1002.58 | 02/15/2011 | Book | 11/09/2016 |
